Cuerpo de documentos y bibliografía para el estudio de la pintura en la Nueva España, 1543-1623 (Record no. 5715)

MARC details
000 -CABECERA
campo de control de longitud fija 00991nam a2200241 a 4500
001 - NÚMERO DE CONTROL
campo de control BRCA_6027
005 - FECHA Y HORA DE LA ÚLTIMA TRANSACCIÓN
campo de control 20190320205314.0
008 - DATOS DE LONGITUD FIJA--INFORMACIÓN GENERAL
campo de control de longitud fija 200411s2007----mx-#######---#000-0#spa-#
020 ## - NÚMERO INTERNACIONAL ESTÁNDAR DEL LIBRO
Número Internacional Estándar del Libro 9789703213900
041 ## - CÓDIGO DE LENGUA
Código de lengua del texto/banda sonora o título independiente spa
044 ## - CÓDIGO DEL PAÍS DE LA ENTIDAD EDITORA/PRODUCTORA
Código MARC del país mx
050 #4 - SIGNATURA TOPOGRÁFICA DE LA BIBLIOTECA DEL CONGRESO
Número de clasificación ND253
Número de documento/Ítem .C84 2007
245 10 - MENCIÓN DE TÍTULO
Título Cuerpo de documentos y bibliografía para el estudio de la pintura en la Nueva España, 1543-1623
Mención de responsabilidad, etc. Carmen Sotos Serrano, Pedro Ángeles Jiménez, compiladores.
260 ## - PUBLICACIÓN, DISTRIBUCIÓN, ETC.
Lugar de publicación, distribución, etc. México
Nombre del editor, distribuidor, etc. UNAM, Instituto de Investigaciones Estéticas
Fecha de publicación, distribución, etc. 2007
300 ## - DESCRIPCIÓN FÍSICA
Extensión 195 p.
Dimensiones 23 cm.
500 ## - NOTA GENERAL
Nota general Incluye lista de archivos consultados y sus abreviaturas, índice de documentos, índice onomástico e índice geográfico
504 ## - NOTA DE BIBLIOGRAFÍA, ETC.
Nota de bibliografía, etc. Bibliografía: p. 173-183
650 14 - PUNTO DE ACCESO ADICIONAL DE MATERIA--TÉRMINO DE MATERIA
Término de materia o nombre geográfico como elemento de entrada Pintura mexicana
Subdivisión general Fuentes
Subdivisión cronológica Siglo XVI-XVII
9 (RLIN) 15207
650 14 - PUNTO DE ACCESO ADICIONAL DE MATERIA--TÉRMINO DE MATERIA
Término de materia o nombre geográfico como elemento de entrada Pintura mexicana
Subdivisión de forma Bibliografías
Subdivisión cronológica Siglo XVI-XVII
9 (RLIN) 15208
700 1# - PUNTO DE ACCESO ADICIONAL--NOMBRE DE PERSONA
Nombre de persona Sotos Serrano, Carmen
Término indicativo de función/relación comp.
9 (RLIN) 15209
700 1# - PUNTO DE ACCESO ADICIONAL--NOMBRE DE PERSONA
Nombre de persona Ángeles Jiménez, Pedro
Término indicativo de función/relación comp.
9 (RLIN) 15210
942 ## - ELEMENTOS DE PUNTO DE ACCESO ADICIONAL (KOHA)
Fuente del sistema de clasificación o colocación Library of Congress Classification
Tipo de ítem Koha Libros
Holdings
Estado de retiro Estado de pérdida Estado dañado No para préstamo Localización permanente Ubicación/localización actual Fecha de adquisición Total de préstamos Signatura topográfica completa Código de barras Fecha visto por última vez Precio válido a partir de Tipo de ítem Koha
El ejemplar forma parte de la colección y puede ser consultado según las políticas vigentes.       Biblioteca del Museo Franz Mayer (Rogerio Casas-Alatriste) Biblioteca del Museo Franz Mayer (Rogerio Casas-Alatriste) 19/04/2011   ND253 .C84 2007 02539 22/03/2019 22/03/2019 Libros